Western Europe in size and population order Quiz Stats

 Plays Quiz not verified by Sporcle

Challenge
Share
Tweet
Embed
Score 0/16 Timer 01:00
0 Plays Today
Hint Answer % Correct
AreaFrance
95.7%
AreaSpain
91.5%
AreaItaly
82.9%
AreaUnited Kingdom
79.9%
AreaPortugal
67.1%
PopulationUnited Kingdom
62.2%
PopulationFrance
61.6%
AreaIreland
58.5%
Hint Answer % Correct
AreaNetherlands
56.7%
AreaBelgium
56.1%
PopulationItaly
56.1%
PopulationSpain
53%
PopulationNetherlands
46.3%
PopulationPortugal
40.2%
PopulationBelgium
34.8%
PopulationIreland
31.1%

You're not logged in!

Compare scores with friends on all Sporcle quizzes.
Join for Free
OR
Log In

You Might Also Like...

Show Comments

Extras

Top Quizzes Today


Score Distribution

Your Account Isn't Verified!

In order to create a playlist on Sporcle, you need to verify the email address you used during registration. Go to your Sporcle Settings to finish the process.

Report this User

Report this user for behavior that violates our Community Guidelines.

Details: